Κατάλογος Βιβλιοθηκών Mediterranean College

Computational Fluid Dynamic Based Study of Incompressible Flow Arround Airfoils Using Solidworks Flow Simulation./ (Record no. 8526)

MARC details
000 -LEADER
fixed length control field 01492cam a22001934a 4500
005 - ΗΜΕΡΟΜΗΝΙΑ ΚΑΙ ΩΡΑ ΤΕΛΕΥΤΑΙΑΣ ΕΝΗΜΕΡΩΣΗΣ
Πεδίο ελέγχου 20250605164338.0
008 - FIXED-LENGTH DATA ELEMENTS--GENERAL INFORMATION
Πεδίο ελέγχου σταθερού μήκους 250528s ||||||||||||||||||||||||d
035 ## - SYSTEM CONTROL NUMBER
System control number 23525
040 ## - ΠΗΓΗ ΚΑΤΑΛΟΓΟΓΡΑΦΗΣΗΣ
Φορέας πρωτότυπης καταλογογράφησης MC Athens Campus Library
Γλώσσα καταλογογράφησης Ελληνικά, Μοντέρνα (1453-)
Modifying agency MC Athens Campus Library
Κανόνες περιγραφικής καταλογογράφησης AACR2
245 1# - ΤΙΤΛΟΣ ΚΑΙ ΔΗΛΩΣΗ ΥΠΕΥΘΥΝΟΤΗΤΑΣ
Τίτλος Computational Fluid Dynamic Based Study of Incompressible Flow Arround Airfoils Using Solidworks Flow Simulation./
260 ## - PUBLICATION, DISTRIBUTION, ETC.
Date of publication, distribution, etc. 2017
300 ## - PHYSICAL DESCRIPTION
Extent 106
520 ## - SUMMARY, ETC.
Summary, etc. Introduction, Introduction to Aerodynamics, Characteristics of Fluids, Density, Specidic Volume Weight, Shear Stress, Compressibility, Viscosity, Types and Characteristics of Flow, Steady and Un-Steay Flow, Uniform and Non-Uniform Flow, Rotational and Irrotational Flow, Laminar and Turbulent Flow, Compressible and Incompressible Flow, Applyimg Forces on an Airfoil, Lift Force, Drag Force, Pitching Moment, NACA Airfoils and their Geometrical Characteristics, 4Digital Airfoils, Computational Fluid Dynamics (CFD), Airfoil Design Simulation, Project Creation at Solidworks Flow Simulation, Step 1 Wizard - Project Name, Unit System, Analysis Type, Default Fluid, Wall Conditions, Initial and Ambient Conditions, Results and Geometry Resolution, Input Data Modification, Methodology Flow Chart, Lift Coefficient - Angle of Attack, Drag Coefficient, Pitching Moment Coefficient, Error Calculation of Lift Coefficient, Conclusion, References, Appendix.
700 1# - ΠΡΟΣΘΕΤΗ ΑΝΑΓΡΑΦΗ--ΦΥΣΙΚΟ ΠΡΟΣΩΠΟ
Personal name Antonakou Iliana
9 (RLIN) 9097
700 1# - ΠΡΟΣΘΕΤΗ ΑΝΑΓΡΑΦΗ--ΦΥΣΙΚΟ ΠΡΟΣΩΠΟ
Personal name Siasos Alexandros
9 (RLIN) 9098
942 ## - ADDED ENTRY ELEMENTS (KOHA)
Koha item type Διπλωματική εργασία
Holdings
Τύπος τεκμηρίου Βιβλιοθήκη Τρέχουσα τοποθεσία Barcode Ημερομηνία απόκτησης Ταξιθετικό σύμβολο Αριθμός αντιτύπου Κατάσταση απόσυρσης Κατάσταση χαμένου Κατάσταση κατεστραμμένου Μη δανεισμός Σύνολο δανεισμών Ημερομηνία τελευταίας εμφάνισης Η τιμή ισχύει από
Διπλωματική εργασία MC Athens Campus Library MC Athens Campus Library 9780000085252 05/06/2025 ENG 2017 (24) 1           05/06/2025 05/06/2025

MC Athens Campus Library
Πατησίων 94 & Κοδριγκτώνος 13, 104 34
Πελλήνης 8 & Πατησίων 107, 112 51
Τ: +30 210 8899600

MC Thessaloniki Campus Library
Ίωνος Δραγούμη 21, 54625 | Ίωνος Δραγούμη 15, 54625
Τ: +30 2310 287779 – Τ: +30 2314 440300